000 00223nam a22000857a 4500
008 170213b xxu||||| |||| 00| 0 eng d
100 _92868
_aCBSE
245 _aCreative Writing and Translation-XI
260 _aNew Delhi
_bCBSE
_c2007
999 _c6087
_d6087